000 00786nam a2200229Ia 4500
003 OSt
005 20260128152320.0
008 210716s2016 xx 000 0 und d
020 _a9788126563005
040 _cAIMIT LIBRARY
041 _aeng
082 _a332.604
_22
_bDEMC
100 _aDemaria, Cyril.
_9252994
245 _aIntroduction to private equity :
_bventure growth LBO and turn around capital /
_cBy Cyril Demaria.
250 _a2nd ed.
260 _aNew Delhi :
_bWiley India Pvt Ltd ,
_c2016.
300 _axvi,392p. ;
_bPB
_c24 cm
650 _aWhat is private equity
_9252995
650 _aThe private equity ecosystem
_9252996
650 _aPrivate equity in teenage time: trend setting , fads and responsibilities
_9252997
942 _2ddc
_cBK
_e2nd
_k332.604 DEMC
999 _c195636
_d195636